[Event "Tres Cantos op 3rd"]
[Site "Tres Cantos"]
[Date "2011.06.25"]
[Round "4"]
[White "Tirado Parra, Alberto"]
[Black "Legaspi Rodrigo, Fernando A"]
[Result "1-0"]
[WhiteElo "1890"]
[BlackElo "1746"]
[PlyCount "115"]
[EventDate "2011.06.22"]
[EventType "swiss"]
[EventRounds "9"]
[EventCountry "ESP"]
[SourceTitle "EXT 2012"]
[Source "ChessBase"]
[SourceDate "2011.11.24"]
[SourceVersion "1"]
[SourceVersionDate "2011.11.24"]
[SourceQuality "1"]

1. b4 Nf6 2. Bb2 e6 3. b5 d5 4. e3 Nbd7 5. c4 Nb6 6. cxd5 Nbxd5 7. Nf3 Bb4 8. Qb3 0-0 9. Nc3 Qe7 10. Be2 Rd8 11. 0-0 Bxc3 12. dxc3 Ne4 13. c4 Ndf6 14. Ba3 Qe8 15. h3 b6 16. Rfd1 Bb7 17. Ne5 Nc5 18. Bxc5 bxc5 19. Qa3 Ne4 20. Bf3 f6 21. Nd3 Qg6 22. Nf4 Qf7 23. Bxe4 Bxe4 24. Qxc5 e5 25. Nd5 Rd7 26. f3 Bf5 27. e4 Be6 28. Rd3 a5 29. Rad1 h6 30. Ra3 Kh8 31. Qc6 Rdd8 32. Rad3 Ra7 33. Qc5 Rb7 34. Ne3 Rxd3 35. Rxd3 Rb8 36. Nd5 Rb7 37. Ra3 Qg6 38. Kh2 Qg5 39. Rxa5 Bxd5 40. cxd5 Qf4+ 41. Kh1 Qd2 42. Ra8+ Kh7 43. a4 h5 44. Ra7 Qe1+ 45. Kh2 Rb8 46. Rxc7 h4 47. Qc1 Qg3+ 48. Kh1 Ra8 49. Rc4 Qf2 50. Rc2 Qd4 51. Rc4 Qf2 52. d6 Rd8 53. Rc6 Ra8 54. d7 Qd4 55. Rc8 Rxa4 56. d8Q Qf2 57. Qh8+ Kg6 58. Rc7 1-0

[Event "Tres Cantos op 2nd"]
[Site "Tres Cantos"]
[Date "2010.06.27"]
[Round "9"]
[White "Legaspi Rodrigo, Fernando A"]
[Black "Alvarez Gonzalez, Eduardo"]
[Result "0-1"]
[WhiteElo "1727"]
[BlackElo "1871"]
[PlyCount "58"]
[EventDate "2010.06.19"]
[EventType "swiss"]
[EventRounds "9"]
[EventCountry "ESP"]
[SourceTitle "CBM 137 Extra"]
[Source "ChessBase"]
[SourceDate "2010.09.01"]
[SourceVersion "1"]
[SourceVersionDate "2010.09.01"]
[SourceQuality "1"]

1. e4 c6 2. d4 d5 3. Nc3 dxe4 4. Nxe4 Nd7 5. Nf3 Ngf6 6. Ng3 Qc7 7. Bg5 e6 8. Bd3 Be7 9. Bxf6 Nxf6 10. 0-0 0-0 11. Re1 b6 12. Ne5 Bb7 13. c3 c5 14. Nh5 Rac8 15. Re3 g6 16. Nxf6+ Bxf6 17. Ng4 Bg7 18. dxc5 h5 19. cxb6 axb6 20. Rh3 hxg4 21. Qxg4 Qc6 22. Bxg6 fxg6 23. Qxg6 Qe4 24. Qg5 Rc5 25. Qg3 Rcf5 26. Rh4 Qe2 27. f3 Qe3+ 28. Kh1 Rxf3 29. Rf4 R8xf4 0-1

[Event "Tres Cantos op 2nd"]
[Site "Tres Cantos"]
[Date "2010.06.26"]
[Round "8"]
[White "Martin Garcia, Francisco Javier"]
[Black "Legaspi Rodrigo, Fernando A"]
[Result "0-1"]
[WhiteElo "1581"]
[BlackElo "1727"]
[PlyCount "104"]
[EventDate "2010.06.19"]
[EventType "swiss"]
[EventRounds "9"]
[EventCountry "ESP"]
[SourceTitle "CBM 137 Extra"]
[Source "ChessBase"]
[SourceDate "2010.09.01"]
[SourceVersion "1"]
[SourceVersionDate "2010.09.01"]
[SourceQuality "1"]

1. d4 Nf6 2. Nf3 e6 3. c4 d5 4. g3 c6 5. cxd5 cxd5 6. Bg2 Nc6 7. 0-0 Be7 8. Nc3 0-0 9. Re1 a6 10. e4 dxe4 11. Nxe4 Nxe4 12. Rxe4 Bf6 13. b3 Re8 14. Bb2 Nb4 15. a3 Nd5 16. Rc1 Bd7 17. Ne5 Rc8 18. Nc4 Bc6 19. Re1 Ne7 20. Ne3 Bxg2 21. Rxc8 Qxc8 22. Kxg2 Qc6+ 23. Kg1 Rd8 24. Ng4 Nd5 25. Nxf6+ Nxf6 26. Qd3 Rd5 27. Rc1 Qd7 28. Qc4 h6 29. Qc8+ Kh7 30. Qc2+ Rf5 31. h3 h5 32. Re1 g6 33. Rc1 Qd5 34. Qe2 Qxb3 35. Rc3 Qb6 36. Rf3 Rxf3 37. Qxf3 Kg7 38. Qe2 Qd6 39. g4 hxg4 40. hxg4 Nd5 41. Qf3 b5 42. g5 Kg8 43. Bc1 b4 44. axb4 Qxb4 45. Qd1 Qb1 46. Qd2 a5 47. Qb2 Qxb2 48. Bxb2 Nf4 49. Kh2 Kf8 50. Kg3 Nd5 51. Kf3 f6 52. gxf6 Kf7 0-1

[Event "Tres Cantos op 2nd"]
[Site "Tres Cantos"]
[Date "2010.06.23"]
[Round "5"]
[White "Legaspi Rodrigo, Fernando A"]
[Black "Fernandez Trillo, Raul"]
[Result "1/2-1/2"]
[WhiteElo "1727"]
[BlackElo "1855"]
[PlyCount "94"]
[EventDate "2010.06.19"]
[EventType "swiss"]
[EventRounds "9"]
[EventCountry "ESP"]
[SourceTitle "CBM 137 Extra"]
[Source "ChessBase"]
[SourceDate "2010.09.01"]
[SourceVersion "1"]
[SourceVersionDate "2010.09.01"]
[SourceQuality "1"]

1. e4 c5 2. Nf3 d6 3. d4 cxd4 4. Nxd4 Nf6 5. Nc3 a6 6. Be2 e6 7. Bg5 Be7 8. f4 e5 9. Nf3 h6 10. fxe5 hxg5 11. exf6 Bxf6 12. Qd2 g4 13. Nd4 Bh4+ 14. Kd1 Bg5 15. Qd3 Nd7 16. Nf5 0-0 17. Qxd6 Ne5 18. Nd5 Ng6 19. Qxd8 Rxd8 20. c4 Bxf5 21. exf5 Nf4 22. Bxg4 Nxd5 23. cxd5 Rxd5+ 24. Ke2 Re8+ 25. Kf2 Rd2+ 26. Kg3 Rxb2 27. Rhb1 Rxb1 28. Rxb1 b5 29. Bf3 Bf6 30. Rc1 b4 31. Rc6 a5 32. Rc5 Bc3 33. Bd5 Re5 34. Rc8+ Kh7 35. Bxf7 Rxf5 36. Bg8+ Kh6 37. Rc6+ g6 38. h4 Rf1 39. Ra6 Re1 40. Ra7 g5 41. hxg5+ Kg6 42. Rxa5 Rf1 43. Kg4 Rf2 44. Ra6+ Kg7 45. Bd5 Rd2 46. Ra7+ Kf8 47. Rd7 Ke8 1/2-1/2

[Event "Tres Cantos op 1st"]
[Site "Tres Cantos"]
[Date "2009.06.09"]
[Round "4"]
[White "Gil Fernandez, Daniel"]
[Black "Legaspi Rodrigo, Fernando A"]
[Result "1-0"]
[WhiteElo "2010"]
[BlackElo "1809"]
[PlyCount "95"]
[EventDate "2009.06.06"]
[EventType "swiss"]
[EventRounds "9"]
[EventCountry "ESP"]
[SourceTitle "EXT 2010"]
[Source "ChessBase"]
[SourceDate "2010.11.25"]
[SourceVersion "1"]
[SourceVersionDate "2010.11.25"]
[SourceQuality "1"]

1. d4 Nf6 2. c4 e6 3. Nf3 d5 4. Nc3 Bb4 5. e3 Bxc3+ 6. bxc3 0-0 7. Bd3 dxc4 8. Bxc4 Nbd7 9. 0-0 Re8 10. Qc2 e5 11. Ng5 Re7 12. Ba3 c5 13. Bxc5 Nxc5 14. dxe5 Nfe4 15. Nxe4 Bf5 16. Nf6+ gxf6 17. Qxf5 Rxe5 18. Qf3 Ne4 19. Qg4+ Kf8 20. Rfd1 Qc8 21. Qxc8+ Rxc8 22. Bd5 Rc7 23. c4 Nc3 24. Rd3 Nxd5 25. cxd5 Rd7 26. Rad1 Ke7 27. f3 Kd6 28. g4 Ree7 29. e4 h5 30. h3 Rc7 31. Kf2 Rc2+ 32. R3d2 Rxd2+ 33. Rxd2 hxg4 34. hxg4 Re8 35. Ke3 b5 36. Rc2 Kd7 37. Rc6 Rc8 38. Rxf6 Rc3+ 39. Kf4 Ra3 40. Rxf7+ Ke8 41. Rb7 a6 42. g5 Rxa2 43. g6 Kf8 44. Kf5 Rf2 45. f4 Rf3 46. d6 Rd3 47. g7+ Kg8 48. d7 1-0

[Event "Tres Cantos op 1st"]
[Site "Tres Cantos"]
[Date "2009.06.08"]
[Round "3"]
[White "Legaspi Rodrigo, Fernando A"]
[Black "Cabrera Jordan, Esteban"]
[Result "1-0"]
[WhiteElo "1809"]
[BlackElo "1712"]
[PlyCount "113"]
[EventDate "2009.06.06"]
[EventType "swiss"]
[EventRounds "9"]
[EventCountry "ESP"]
[SourceTitle "EXT 2010"]
[Source "ChessBase"]
[SourceDate "2010.11.25"]
[SourceVersion "1"]
[SourceVersionDate "2010.11.25"]
[SourceQuality "1"]

1. e4 c5 2. Nf3 Nc6 3. d4 cxd4 4. Nxd4 d6 5. Nc3 Nf6 6. Be2 g6 7. Be3 Bd7 8. Qd2 Bg7 9. 0-0 0-0 10. f4 a6 11. a4 Rc8 12. h3 Ne8 13. g4 Nc7 14. Bf3 Nxd4 15. Bxd4 Bxd4+ 16. Qxd4 Ne6 17. Qe3 Nc5 18. a5 Bc6 19. e5 Re8 20. Rfd1 Qc7 21. Nd5 Bxd5 22. Bxd5 e6 23. exd6 Qd7 24. Bf3 f5 25. b4 Ne4 26. Bxe4 fxe4 27. Qxe4 Rc3 28. Rd3 Rxc2 29. Re1 Rc6 30. f5 Rxd6 31. fxe6 Rexe6 32. Qxe6+ Rxe6 33. Rxd7 Rxe1+ 34. Kf2 Re8 35. Rxb7 Re4 36. Rb6 g5 37. b5 axb5 38. Rxb5 Rf4+ 39. Ke3 h6 40. a6 Ra4 41. Rb6 Kg7 42. Rb7+ Kg6 43. a7 Kf6 44. Kd3 Ke6 45. Rb6+ Kf7 46. Rxh6 Kg7 47. Rd6 Rxa7 48. Ke4 Ra3 49. Rd3 Rxd3 50. Kxd3 Kg6 51. Ke4 Kf6 52. Kd5 Kf7 53. Ke5 Kg6 54. Ke6 Kg7 55. Kf5 Kh6 56. Kf6 Kh7 57. Kxg5 1-0

[Event "Tres Cantos op 1st"]
[Site "Tres Cantos"]
[Date "2009.06.07"]
[Round "2"]
[White "Ruiz Quevedo, Andres"]
[Black "Legaspi Rodrigo, Fernando A"]
[Result "1-0"]
[WhiteElo "1969"]
[BlackElo "1809"]
[PlyCount "75"]
[EventDate "2009.06.06"]
[EventType "swiss"]
[EventRounds "9"]
[EventCountry "ESP"]
[SourceTitle "EXT 2010"]
[Source "ChessBase"]
[SourceDate "2010.11.25"]
[SourceVersion "1"]
[SourceVersionDate "2010.11.25"]
[SourceQuality "1"]

1. c4 e5 2. b3 g6 3. Bb2 Bg7 4. Nf3 Nc6 5. e3 Nge7 6. Be2 0-0 7. a3 a5 8. Qc2 d6 9. d4 exd4 10. Nxd4 Nxd4 11. Bxd4 Nf5 12. Bxg7 Nxg7 13. 0-0 Qg5 14. Nc3 Re8 15. Kh1 Bf5 16. Qb2 Be4 17. Nxe4 Rxe4 18. Bf3 Rh4 19. g3 Rh6 20. e4 Ne6 21. Rad1 Rd8 22. Rd5 Qe7 23. Qd2 Kg7 24. Bg2 Nc5 25. Qc2 c6 26. Rd2 Re8 27. Re2 f5 28. Rfe1 Qf6 29. exf5 Rxe2 30. Qxe2 gxf5 31. Qe8 Ne6 32. Kg1 Qd8 33. Rxe6 Qxe8 34. Rxe8 Kf7 35. Rb8 Ke6 36. Rxb7 d5 37. cxd5+ cxd5 38. Rb6+ 1-0